The Aladdin factor / (Record no. 4150)
[ view plain ]
| 000 -LEADER | |
|---|---|
| fixed length control field | 01060cam a2200313 a 4500 |
| 001 - CONTROL NUMBER | |
| JCCL Control Number | 4150 |
| 003 - CONTROL NUMBER IDENTIFIER | |
| JCCL marc code | BD-JhCC |
| 005 - DATE AND TIME OF LATEST TRANSACTION | |
| control field | 20220825134021.0 |
| 008 - FIXED-LENGTH DATA ELEMENTS--GENERAL INFORMATION | |
| fixed length control field | 951107s1995 nyua b 000 0 eng |
| 020 ## - INTERNATIONAL STANDARD BOOK NUMBER | |
| International Standard Book Number | 0425150755 |
| 035 ## - SYSTEM CONTROL NUMBER | |
| system control number | (BD-JhCC)4150 |
| 040 ## - CATALOGING SOURCE | |
| Original cataloging agency | DLC |
| Transcribing agency | DLC |
| Modifying agency | DLC |
| -- | BD-JhCC |
| 041 ## - LANGUAGE CODE | |
| Language code of Book | eng |
| 050 00 - LIBRARY OF CONGRESS CALL NUMBER | |
| Classification number | BF637.S4 |
| Item number | C344 1995 |
| 082 00 - DEWEY DECIMAL CLASSIFICATION NUMBER | |
| Classification number | 158.1 |
| DDC Edition number | 20 |
| Author mark and Year | CAN 1995 |
| 100 1# - MAIN ENTRY--PERSONAL NAME | |
| Personal name | Canfield, Jack, |
| Dates associated with a name | 1944- |
| 245 14 - TITLE STATEMENT | |
| Title | The Aladdin factor / |
| Statement of responsibility, etc | Jack Canfield and Mark Victor Hansen. |
| 250 ## - EDITION STATEMENT | |
| Edition statement | Berkley trade pbk. ed. |
| 260 ## - PUBLICATION, DISTRIBUTION, ETC. (IMPRINT) | |
| Place of publication, distribution, etc | New York : |
| Name of publisher, distributor, etc | Berkley Books, |
| Date of publication, distribution, etc | 1995. |
| 300 ## - PHYSICAL DESCRIPTION | |
| Pagination | xvi, 277 p. : |
| Other physical details | ill. ; |
| Dimensions | 22 cm. |
| 504 ## - BIBLIOGRAPHY, ETC. NOTE | |
| Bibliography, etc | Includes bibliographical references (p. [271]-273). |
| 650 #0 - SUBJECT ADDED ENTRY--TOPICAL TERM | |
| Topical term or geographic name as entry element | Self-realization. |
| 650 #0 - SUBJECT ADDED ENTRY--TOPICAL TERM | |
| Topical term or geographic name as entry element | Interpersonal communication. |
| 700 1# - ADDED ENTRY--PERSONAL NAME | |
| Personal name | Hansen, Mark Victor. |
| 856 42 - ELECTRONIC LOCATION AND ACCESS | |
| Materials specified | Contributor biographical information |
| Uniform Resource Identifier | http://www.loc.gov/catdir/enhancements/fy1207/95222961-b.html |
| 856 42 - ELECTRONIC LOCATION AND ACCESS | |
| Materials specified | Publisher description |
| Uniform Resource Identifier | http://www.loc.gov/catdir/enhancements/fy1207/95222961-d.html |
| 942 ## - ADDED ENTRY ELEMENTS (KOHA) | |
| Source of classification or shelving scheme | Dewey Decimal Classification |
| Koha item type | Books |
| Koha issues (borrowed), all copies | 2 |
| Source of classification or shelving scheme | Damaged status | Not for loan | Home library | Current library | Shelving location | Date of accession | Total Checkouts | Full call number | Barcode | Date last seen | Date checked out | Copy number | Koha item type |
|---|---|---|---|---|---|---|---|---|---|---|---|---|---|
| Dewey Decimal Classification | JCC Rouf Library | JCC Rouf Library | General Stacks | 11/23/2017 | 3 | 158.1 CAN 1995 | 5578 | 01/26/2026 | 11/24/2025 | C- 1 | Books |